Filmographie de Michael Bay par images - Statistiques

Statistiques générales
  • Ce quiz a été pris 71 fois
  • Le résultat moyen est 5 sur 10
Statistiques - réponses
Par images Hint Réponse % Correct
2007 Transformers
98%
1995 Bad Boys
86%
1998 Armageddon
79%
2001 Pearl Harbor
77%
2013 No Pain No Gain
53%
2022 Ambulance
39%
1996 Rock
29%
2005 The Island
29%
2016 13 Hours
18%
2019 Six Underground
12%
Aucun quiz correspondant
Distribution des résultats
% des personnes avec chaque résultat
Percentile par nombre de réponses
Votre historique - résultats
Vous n’avez pas pris ce quiz